| 000 | nam a22 a 4500 | ||
|---|---|---|---|
| 999 |
_c398 _d398 |
||
| 005 | 20170503154836.0 | ||
| 008 | 170503b1988 -us||||| |||| 00| 0 eng d | ||
| 020 | _a0534080642 | ||
| 040 | _aAKMAL | ||
| 082 | 0 | 4 | _a100 ROT |
| 090 |
_a100 _bROT |
||
| 100 | 1 |
_aRoth, John K. _9906 |
|
| 245 | 1 | 4 |
_aThe questions of philosophy / _cJohn K. Roth, Frederick Sontag. |
| 260 |
_aBelmont, Calif. : _bWadsworth Pub. Co., _cc1988. |
||
| 300 |
_a xix, 532 p. : _bill. ; _c25cm |
||
| 500 | _aIncludes index. | ||
| 504 | _aBibliography: p. [517]-522. | ||
| 599 | _aDALAM PROSES | ||
| 650 | 0 |
_aPhilosophy _xIntroductions. _9907 |
|
| 700 | 0 | 1 |
_aSontag, Frederick. _9908 |
| 852 | 4 | 1 |
_aBritish Library _bHMNTS |
| 942 |
_2ddc _cBOOK |
||